000 00527nam a2200193Ia 4500
005 20250326142301.0
008 250326s9999 xx 000 0 und d
020 _a81-203-1722-X
037 _aTextbook
040 _aFMSL
_beng
_cFMSL
041 _aeng
_2eng
084 _aX:8D.1 P0
_qFMSL
100 _aSharan V
245 0 _aInternational ficial management
_cSharan V And Others
260 _aDelhi
_bDelhi, Prentice Hall
_c2000
300 _axi,424
942 _cTB
_hX:8D.1 P0
999 _c1294290
_d1294290